1296 1955 1284 1446 1386 1596 1748 1899 1721 1376 1542 1154 1486 1703 1480 1946 1946 1665 1208 1888 1645 1824 1411 1920 1866 1597 1587 1708 1799 1716 1843 1054 1562 1018 1830 1365 1390 1868 1911 1934 1083 1183 1281 1744 1301 1358 1121 1933 1132 1454 1858 1437 1007 1050 1093 1695 1514 1848 1768 1875 1051 1212 1646 1856 1096 1740 1128 1203 1483 1054 1237 1753 1627 1546 1192 1464 1654 1415 1822 1077 1579 1873 1995 1844 1330 1053 1647 1318 1407 1669 1285 1842 1809 1238 1527 1549 1133 1814 1498 BCNSPRNW ULIB Ver.6.0+V

เปลี่ยนเป็นภาษาไทย

Change to English
 แสดงรายละเอียดบรรณานุกรม
  กลับหน้าหลัก

Brief Record : Get Marc (ISO 2709) : E-mail record : QR code < ปิดหน้าต่าง
LEADER : 00000nam 2200000uu 4500
001    13399129062
003     ULIB
008    250605s2566||||th 000 0 tha d
020    ^a9786166080797
060    ^aWA590^bอ653ส
100    ^aอารยา เชียงของ
245    ^aสุขภาพคนเมือง :ทฤษฎี กลยุทธ์ในการส่งเสริมสุขภาพ และการป้องกันโรค ประเด็นปัญหาและมุมมองอนาคต/^cอารยา เชียงของ
250    ^aพิมพ์ครั้งที่ 1
260    ^aนนทบุรี :^bพี.เค.เค.พริ้นท์ติ้ง,^c2566
300    ^a210 หน้า
650    ^aการส่งเสริมสุขภาพ
945    ^p300^l0^i30518
945    ^p300^l0^i30519
999    ^aกัณชพร จุลอักษร
รายการนี้ยังไม่มีแท็ก
คุณยังไม่ได้ล็อกอิน คุณสามารถมีกิจกรรมร่วมกับเว็บไซต์ได้ แต่ต้องล็อกอินก่อน ::
  ล็อกอิน

รายการสื่อสารสนเทศ

ลำดับที่ ประเภท เลขเรียก/บาร์โค้ด สถานที่ สถานะ
1. หนังสือสำรอง
หนังสือสำรอง
WA590 อ653ส ฉ.1 
  Barcode: 30518
ห้องสมุดวิทยาเขตนครสวรรค์
►หนังสือทั่วไป:l:General Books
บนชั้น
2. วิทยาศาสตร์การแพทย์ และสุขภาพ
วิทยาศาสตร์การแพทย์ และสุขภาพ
WA590 อ653ส ฉ.2 
  Barcode: 30519
ห้องสมุดวิทยาเขตนครสวรรค์
►หนังสือทั่วไป:l:General Books
บนชั้น

รายการใกล้เคียง
    ผู้แต่ง [อารยา เชียงของ]

    หัวเรื่อง [การส่งเสริมสุขภาพ]

BibComment


ยังไม่เคยถูกคอมเมนท์

คอมเมนท์ทรัพยากรรายการนี้
  คอมเมนท์: สุขภาพคนเมือง ทฤ..


 Copyright 2026. Bcnsprnw @Library